| 000 | 01466cam a22003497a 4500 | ||
|---|---|---|---|
| 001 | 15036680 | ||
| 005 | 20230112172933.0 | ||
| 008 | 070928s2007 gw ae b 001 0 eng c | ||
| 906 |
_a7 _bcbc _cpccadap _d2 _encip _f20 _gy-gencatlg |
||
| 923 |
_d20071002 _n0110877 _sGyWOH |
||
| 925 | 0 |
_aacquire _b1 shelf copy _xpolicy default |
|
| 955 | _ejh32 2007-12-13/jh12 to BCCD | ||
| 010 | _a 2007493035 | ||
| 020 | _a3930698838 | ||
| 020 | _a9783930698837 | ||
| 035 | _a(OCoLC)ocn153580884 | ||
| 040 |
_aYDXCP _cYDXCP _dBTCTA _dBAKER _dOHX _dZCU _dDLC |
||
| 043 | _aw------ | ||
| 050 | 0 | 0 |
_aNA2542.T7 _bP67 2007 |
| 245 | 0 | 0 |
_aPlusminus 20°/40° latitude : _bsustainable building design in tropical and subtropical regions / _cDirk U. Hindrichs, Klaus Daniels (eds.) ; with contributions by Sonja Berthold ... [et al.]. |
| 246 | 3 | _aPlus minus 20°/40° latitude | |
| 246 | 3 | _aPlus minus 20 degree/40 degree latitude | |
| 260 |
_aStuttgart ; _aLondon : _bEdition Axel Menges, _cc2007. |
||
| 300 |
_a457 p. : _bill. (some col.), plans ; _c30 cm. |
||
| 504 | _aIncludes bibliographical references (p. 453) and index. | ||
| 650 | 0 |
_aSustainable architecture _zTropics. |
|
| 650 | 0 | _aArchitecture, Tropical. | |
| 650 | 0 |
_aSustainable buildings _zTropics _xDesign and construction. |
|
| 700 | 1 | _aHindrichs, Dirk U. | |
| 700 | 1 | _aDaniels, Klaus. | |
| 700 | 1 | _aBerthold, Sonja. | |
| 999 |
_c11224 _d11224 |
||